[Event "Kiel op 21th"]
[Site "Kiel"]
[Date "2008.08.09"]
[Round "2"]
[White "Haffner, Alexander"]
[Black "Bergau, Rolf"]
[Result "1-0"]
[WhiteElo "2170"]
[BlackElo "1962"]
[PlyCount "37"]
[EventDate "2008.08.09"]
[EventType "swiss"]
[EventRounds "9"]
[EventCountry "GER"]
[SourceTitle "EXT 2009"]
[Source "ChessBase"]
[SourceDate "2008.11.26"]
[SourceVersion "1"]
[SourceVersionDate "2008.11.26"]
[SourceQuality "1"]

1. Nf3 Nf6 2. d4 d5 3. c4 dxc4 4. e3 e6 5. Bxc4 Be7 6. Nc3 a6 7. a4 b6 8. 0-0 Bb7 9. Qe2 0-0 10. Rd1 Nd5 11. e4 Nxc3 12. bxc3 c6 13. e5 Qc7 14. Ng5 Qd8 15. Nxh7 Kxh7 16. Qh5+ Kg8 17. Bd3 g6 18. Bxg6 fxg6 19. Qxg6+ 1-0